Pays qui bordent de le Republique Democratique du Congo - Statistiques

Statistiques générales
  • Ce quiz a été pris 37 fois
  • Le résultat moyen est 7 sur 9
Statistiques - réponses
Pays % Correct
Republique du Congo
97%
Angola
88%
Rwanda
88%
Burundi
85%
Ouganda
85%
Tanzanie
82%
Zambie
82%
Soudan du Sud
68%
Republic Centrafricaine
0%
Aucun quiz correspondant
Distribution des résultats
% des personnes avec chaque résultat
Percentile par nombre de réponses
Votre historique - résultats
Vous n’avez pas pris ce quiz